Multivariate calculus and geometry. (Record no. 160155)
[ view plain ]
| 000 -LEADER | |
|---|---|
| fixed length control field | 00537nam a2200217Ia 4500 |
| 003 - CONTROL NUMBER IDENTIFIER | |
| control field | OSt |
| 005 - DATE AND TIME OF LATEST TRANSACTION | |
| control field | 20250429181218.0 |
| 008 - FIXED-LENGTH DATA ELEMENTS--GENERAL INFORMATION | |
| fixed length control field | 210423s2009 xx 000 0 und d |
| 020 ## - INTERNATIONAL STANDARD BOOK NUMBER | |
| International Standard Book Number | 8181282388 |
| 040 ## - CATALOGING SOURCE | |
| Transcribing agency | AL |
| 041 ## - LANGUAGE CODE | |
| Language code of text/sound track or separate title | eng |
| 082 ## - DEWEY DECIMAL CLASSIFICATION NUMBER | |
| Classification number | 519.535 DINM |
| 100 ## - MAIN ENTRY--PERSONAL NAME | |
| Personal name | DINEEN (Sean). |
| 9 (RLIN) | 99823 |
| 245 ## - TITLE STATEMENT | |
| Title | Multivariate calculus and geometry. |
| 250 ## - EDITION STATEMENT | |
| Edition statement | 2 |
| 260 ## - PUBLICATION, DISTRIBUTION, ETC. | |
| Place of publication, distribution, etc. | New Delhi |
| Name of publisher, distributor, etc. | Springer Pvt Ltd |
| Date of publication, distribution, etc. | 2009 |
| 300 ## - PHYSICAL DESCRIPTION | |
| Extent | xii,254 |
| Other physical details | PB |
| 365 ## - TRADE PRICE | |
| Price amount | 275 |
| Currency code | INR |
| 906 ## - LOCAL DATA ELEMENT F, LDF (RLIN) | |
| a | calculus ; geometry. ; Multivariate |
| 942 ## - ADDED ENTRY ELEMENTS (KOHA) | |
| Source of classification or shelving scheme | Dewey Decimal Classification |
| Koha item type | Book |
| Withdrawn status | Lost status | Source of classification or shelving scheme | Damaged status | Not for loan | Collection code | Home library | Current library | Date acquired | Source of acquisition | Cost, normal purchase price | Total Checkouts | Full call number | Barcode | Date last seen | Price effective from | Koha item type | Date last checked out |
|---|---|---|---|---|---|---|---|---|---|---|---|---|---|---|---|---|---|
| Dewey Decimal Classification | Mathematics | St Aloysius PG Library | St Aloysius PG Library | 07/22/2010 | Current books | 275.00 | 519.535 DINM | PG004776 | 08/24/2022 | 04/26/2021 | Book | ||||||
| Dewey Decimal Classification | Mathematics | St Aloysius PG Library | St Aloysius PG Library | 07/05/2011 | Athulya Books | 275.00 | 519.535 DINM | PG005951 | 08/24/2022 | 04/26/2021 | Book | ||||||
| Dewey Decimal Classification | Mathematics | St Aloysius PG Library | St Aloysius PG Library | 07/05/2011 | Athulya Books | 275.00 | 519.535 DINM | PG005952 | 08/24/2022 | 04/26/2021 | Book | ||||||
| Dewey Decimal Classification | Mathematics | St Aloysius PG Library | St Aloysius PG Library | 07/29/2011 | Athulya Books | 275.00 | 1 | 519.535 DINM | PG006137 | 11/15/2023 | 04/26/2021 | Book | 07/04/2023 | ||||
| Dewey Decimal Classification | Mathematics | St Aloysius PG Library | St Aloysius PG Library | 07/29/2011 | Athulya Books | 275.00 | 519.535 DINM | PG006138 | 08/24/2022 | 04/26/2021 | Book | ||||||
| Dewey Decimal Classification | Mathematics | St Aloysius PG Library | St Aloysius PG Library | 07/29/2011 | Athulya Books | 275.00 | 519.535 DINM | PG006139 | 08/24/2022 | 04/26/2021 | Book | ||||||
| Dewey Decimal Classification | Mathematics | St Aloysius PG Library | St Aloysius PG Library | 10/24/2011 | Athulya Books | 275.00 | 519.535 DINM | PG006634 | 08/24/2022 | 04/26/2021 | Book | ||||||
| Dewey Decimal Classification | Mathematics | St Aloysius PG Library | St Aloysius PG Library | 10/24/2011 | Athulya Books | 275.00 | 1 | 519.535 DINM | PG006635 | 01/30/2023 | 04/26/2021 | Book | 01/19/2023 | ||||
| Dewey Decimal Classification | Mathematics | St Aloysius PG Library | St Aloysius PG Library | 10/24/2011 | Athulya Books | 275.00 | 519.535 DINM | PG006636 | 08/24/2022 | 04/26/2021 | Book | ||||||
| Dewey Decimal Classification | Mathematics | St Aloysius PG Library | St Aloysius PG Library | 10/24/2011 | Athulya Books | 275.00 | 519.535 DINM | PG006637 | 08/24/2022 | 04/26/2021 | Book | ||||||
| Dewey Decimal Classification | Mathematics | St Aloysius PG Library | St Aloysius PG Library | 10/24/2011 | Athulya Books | 275.00 | 519.535 DINM | PG006638 | 08/24/2022 | 04/26/2021 | Book |